000 00979cam a22002651 4500
001 000013002
005 20200929163122.0
008 790117s1964 ve ab b 000 0 spa
010 _a65087701
035 _a(OCoLC)4556670
040 _aDO-SdBNP
_cNAlU
_dDLC
042 _apremarc
050 0 0 _aHV6025
_b.G65
100 2 _aGomez Grillo, Elio.
_929974
245 1 0 _aIntroduccion a la criminologia; :
_bcon especial referencia al medio venezolano.
260 _aCaracas, :
_bPublicaciones de la Facultad de Derecho, Universidad Central de Venezuela,
_c1964.
300 _a460 p. :
_billus., maps. ;
_c24 cm.
490 1 _aColeccion Tesis de doctorado,
_vv. 5
502 _aTesis--Universidad Central de Venezuela.
504 _aBibliography: p. [427]-452.
650 0 _aCriminology.
_929975
650 0 _aCrime
_zVenezuela.
_929976
810 2 _aUniversidad Central de Venezuela.
_bFacultad de Derecho.
_tTesis de doctorado ;
_vv. 5
_929977
910 _aCatalogación derivada
999 _c12649
_d12649